| 000 | 00000nam##2200000za#4500 |
| 001 | 9.603231 |
| 003 | CaOODSP |
| 005 | 20210624210953 |
| 007 | cr ||||||||||| |
| 008 | 150406|2002||||xxc|||||o f|0| 0 fre|d |
| 040 | |aCaOODSP|bfre |
| 043 | |an-cn--- |
| 086 | 1 |aBT31-4/52-2002F-PDF |
| 110 | 1 |aCanada. |bConseil du trésor. |
| 245 | 10|aBibliothèque nationale du Canada, rapport sur le rendement pour la période se terminant le 31 mars 2002 |h[ressource électronique] |
| 260 | |aOttawa - Ontario : |bSecrétariat du Conseil du Trésor du Canada |cc2002. |
| 300 | |a85p.|borganigramme, références, tableaux |
| 490 | 1 |aRapport sur le rendement pour la période se terminant le 31 mars 2002 |vPour la période se terminant le 31 mars 2002 |
| 500 | |aLe n° de catalogue (BT31-4/52-2002) et l'ISBN (0-660-62127-4) de l'édition imprimée bilingue ont été incorrectement copiés dans l'édition électronique. |
| 590 | |a12-18-Supp|b2012-04-25 |
| 775 | 08|tNational Library of Canada, performance report for the period ending March 31, 2002 |w(CaOODSP)9.572987 |
| 776 | 0#|tBibliothèque nationale du Canada |w(CaOODSP)9.536861 |
| 776 | 0#|tNational Library of Canada |w(CaOODSP)9.536860 |
| 830 | #0|aRapport sur le rendement pour la période se terminant le 31 mars 2002 ;|vPour la période se terminant le 31 mars 2002|w(CaOODSP)9.502659 |
| 856 | 40|ahttp://publications.gc.ca|qPDF|s1.31 Mo|uhttps://publications.gc.ca/collections/collection_2012/sct-tbs/BT31-4-52-2002-fra.pdf|yPour la période se terminant le 31 mars 2002 |